International Business (Record no. 3220)

MARC details
000 -LEADER
fixed length control field 00382nam a22001697a 4500
005 - DATE AND TIME OF LATEST TRANSACTION
control field 20180327114154.0
008 - FIXED-LENGTH DATA ELEMENTS--GENERAL INFORMATION
fixed length control field 160620b xxu||||| |||| 00| 0 eng d
020 ## - INTERNATIONAL STANDARD BOOK NUMBER
ISBN 978-81-203-3628-5
041 ## - LANGUAGE CODE
Language code of text/sound track or separate title eng
082 ## - DEWEY DECIMAL CLASSIFICATION NUMBER
Item number 8394
Classification number 338.88
100 ## - MAIN ENTRY--AUTHOR NAME
Personal name Paul, Justin
245 ## - TITLE STATEMENT
Title International Business
260 ## - PUBLICATION, DISTRIBUTION, ETC. (IMPRINT)
Name of publisher PHI
300 ## - PHYSICAL DESCRIPTION
Number of Pages 616
650 ## - SUBJECT ADDED ENTRY--TOPICAL TERM
Topical Term Management
942 ## - ADDED ENTRY ELEMENTS (KOHA)
Koha item type Books
Holdings
Lost status Damaged status Collection code Home library Current library Shelving location Date acquired Cost, normal purchase price Full call number Accession Number Koha item type
    MANAGEMENT JRU Library JRU Library SHELF-61-B 20/06/2016 350.00 338.88 8394 Books
    MANAGEMENT JRU Library JRU Library SHELF-61-B 20/06/2016 350.00 338.88 8395 Books
    MANAGEMENT JRU Library JRU Library SHELF-71-N 20/06/2016 350.00 338.88 8396 Books
    MANAGEMENT JRU Library JRU Library SHELF-61-B 20/06/2016 350.00 338.88 8397 Books
    MANAGEMENT JRU Library JRU Library SHELF-61-B 20/06/2016 350.00 338.88 8398 Books
    MANAGEMENT JRU Library JRU Library SHELF-61-B 20/06/2016 350.00 338.88 8399 Books
    MANAGEMENT JRU Library JRU Library SHELF-61-B 20/06/2016 350.00 338.88 8400 Books
    MANAGEMENT JRU Library JRU Library SHELF-61-B 20/06/2016 350.00 338.88 8401 Books
    MANAGEMENT JRU Library   SHELF-61-B 20/06/2016 350.00 338.88 8402 Books
    MANAGEMENT JRU Library JRU Library SHELF-61-B 20/06/2016 350.00 338.88 8403 Books
    MANAGEMENT JRU Library JRU Library SHELF-61-B 20/06/2016 350.00 338.88 8404 Books